00978nam a2200193 i 4500001000700000003000900007005001700016008004100033040002000074100002500094245031800119260003300437300003200470490006100502505007400563700003200637830006100669852005400730167774ES-MaACL20250716063327.0050928s1768 sz af | |||||||| ||fre d aCAM bspa cCAM0 aVoltaire,d1694-177813aLa Henriade en dix chants b: précédée, accompagnée & suivie de toutes les pièces relatives à ce poëme & à la poésie epique en général : auxquelles on a joint Le Temple du gout, les Discours sur l'homme, les Poëmes de Fontenoy, sur Le désastre de Lisbonne, sur la Loi naturelle, &c., &c. aGenève : b[s.n.], c1768. a[2], XXXII, 483 p. ; c4º.1 aCollection complette des oeuvres de M. de Voltaire ; v18 aContiene: Préface pour la Henriade / par M. Marmontel: p. XXI-XXXII1 aMarmontel, Jean-François.0 aCollection complette des oeuvres de M. de Voltaire ; v1 aES-MaACLjR-761 z-- Enc. hol. x Olim: G-6601